L:llä alkavat valtiot kartalla - Äkkikuolema - Statistics

Yleistilastot
  • Tätä visaa on pelattu 299 kertaa
    285 viimeisimmän päivityksen jälkeen
  • Keskiarvotulos 6 / 8
Answers on the Grid
Answers color-coded by a green-red scale on the quiz's grid according to % correct below.
 
Vastaustilastot
Vastaus % Oikein
Libya, Liechtenstein, Luxemburg
95%
Latvia, Liettua
88%
Liberia, Libya
82%
Laos
79%
Lesotho
74%
Libanon
69%
Lesotho
68%
Liberia
58%
Ehtoja vastaavia visoja ei löytynyt
Tulosjakauma
Jokaisen tuloksen saaneiden osuus
Persentiili vastausten määrän mukaan
Tuloshistoriasi
Et ole pelannut tätä visaa sen viimeisimmän päivityksen jälkeen